<?xml version="1.0" encoding="UTF-8"?>
<record
    xmlns:xsi="http://www.w3.org/2001/XMLSchema-instance"
    xsi:schemaLocation="http://www.loc.gov/MARC21/slim http://www.loc.gov/standards/marcxml/schema/MARC21slim.xsd"
    xmlns="http://www.loc.gov/MARC21/slim">

  <leader>01716nam a22002177a 4500</leader>
  <controlfield tag="005">20240309095644.0</controlfield>
  <controlfield tag="008">240305b           ||||| |||| 00| 0 eng d</controlfield>
  <datafield tag="020" ind1=" " ind2=" ">
    <subfield code="a">9781032435107</subfield>
  </datafield>
  <datafield tag="040" ind1=" " ind2=" ">
    <subfield code="c">AL</subfield>
  </datafield>
  <datafield tag="041" ind1=" " ind2=" ">
    <subfield code="a">eng</subfield>
  </datafield>
  <datafield tag="082" ind1=" " ind2=" ">
    <subfield code="2">23</subfield>
    <subfield code="a">153.42</subfield>
    <subfield code="b">REET</subfield>
  </datafield>
  <datafield tag="100" ind1=" " ind2=" ">
    <subfield code="a">Stephen K Reed</subfield>
    <subfield code="9">152995</subfield>
  </datafield>
  <datafield tag="245" ind1=" " ind2=" ">
    <subfield code="a">Thinking visually</subfield>
  </datafield>
  <datafield tag="250" ind1=" " ind2=" ">
    <subfield code="a">2nd ed.</subfield>
  </datafield>
  <datafield tag="260" ind1=" " ind2=" ">
    <subfield code="a">New York</subfield>
    <subfield code="b">Routledge</subfield>
    <subfield code="c">2023</subfield>
  </datafield>
  <datafield tag="300" ind1=" " ind2=" ">
    <subfield code="a">vi,207p</subfield>
    <subfield code="b">PB</subfield>
    <subfield code="c">24x17cm.</subfield>
  </datafield>
  <datafield tag="365" ind1=" " ind2=" ">
    <subfield code="2">General</subfield>
    <subfield code="a">7740</subfield>
    <subfield code="b">&#x20B9;854.10</subfield>
    <subfield code="c">&#x20B9;</subfield>
    <subfield code="d">&#x20B9;1095.00</subfield>
    <subfield code="e">22%</subfield>
    <subfield code="f">15-02-2024</subfield>
  </datafield>
  <datafield tag="520" ind1=" " ind2=" ">
    <subfield code="a">Thinking Visually documents the many ways pictures, visual images, and spatial metaphors influence our thinking. The book discusses recent empirical, theoretical, and applied contributions that support the view that visual thinking occurs not only where we expect to find it, but also where we do not. Much of comprehending language, for instance, depends on visual simulations of words or on spatial metaphors that provide a foundation for conceptual understanding. This edition has been fully updated throughout and features new coverage of a range of topical and fascinating areas of research, including aesthetics, visual narratives, communicating health risks, dreams, clinical imagery, mathematical games, and the influence of action on perception. It also features a new chapter on Mixed Reality to showcase the many exciting developments in this area. The broad coverage, colorful figures, and research discoveries provide a solid foundation for understanding visual thinking across a wide spectrum of activities. It will be an essential read for all students and researchers interested in Visual Thinking.


</subfield>
  </datafield>
  <datafield tag="650" ind1=" " ind2=" ">
    <subfield code="2">Philosophy and Psychology</subfield>
    <subfield code="a">Psychology</subfield>
    <subfield code="9">152996</subfield>
  </datafield>
  <datafield tag="942" ind1=" " ind2=" ">
    <subfield code="2">ddc</subfield>
    <subfield code="c">BK</subfield>
  </datafield>
  <datafield tag="999" ind1=" " ind2=" ">
    <subfield code="c">230054</subfield>
    <subfield code="d">230054</subfield>
  </datafield>
  <datafield tag="952" ind1=" " ind2=" ">
    <subfield code="0">0</subfield>
    <subfield code="1">0</subfield>
    <subfield code="2">ddc</subfield>
    <subfield code="4">0</subfield>
    <subfield code="7">0</subfield>
    <subfield code="8">CPSY</subfield>
    <subfield code="a">SACPG</subfield>
    <subfield code="b">SACPG</subfield>
    <subfield code="d">2024-02-24</subfield>
    <subfield code="e">Biblios Book Point</subfield>
    <subfield code="g">854.10</subfield>
    <subfield code="l">0</subfield>
    <subfield code="o">153.42 REET</subfield>
    <subfield code="p">PG024667</subfield>
    <subfield code="r">2024-03-05 00:00:00</subfield>
    <subfield code="v">1095.00</subfield>
    <subfield code="w">2024-03-05</subfield>
    <subfield code="y">BK</subfield>
  </datafield>
</record>
